000 00708nam a2200229 a 4500
003 SISC
005 20170130155556.0
008 121203s19uu xx 00 eng d
020 _a9780137075041
050 _aHF 5389
_b.C655 2011
100 _aCook, Roy A.
245 _aGuide to business etiquette /
_cRoy A. Cook, Gwen O. Cook.
250 _a2nd edition.
260 _aBoston, MA. ; London :
_bPrentice Hall,
_c2011.
300 _axiii, 128 pages ;
_c22 cm.
440 _aPrentice Hall guide to series in business communication.
500 _aIncludes bibliographical references and index.
650 _aBusiness etiquette.
700 _aCook, Gwen.
942 _cBK
_2lcc
_kFOR
999 _c25357
_d25357